000 00999cam a2200277 i 4500
001 16085513
003 EG-ScBUE
005 20260331130901.0
008 100204s2009 enka f b 001 0 eng d
020 _a9780521708425
040 _aDLC
_beng
_erda
_cDLC
_dDLC
_dEG-ScBUE
082 0 4 _222
_a551.22
_bSHE
100 1 _aShearer, Peter M.,
_d1956-
_eauthor.
_911554
245 1 0 _aIntroduction to seismology /
_cPeter M. Shearer, Scripps Institution of Oceanography, University of California, San Diego.
250 _aSecond edition.
264 1 _aCambridge ;
_aNew York :
_bCambridge University Press,
_c2009.
300 _axiv, 396 pages :
_billustrations ;
_c26 cm
336 _2rdacontent
_atext
_btxt
337 _aunmediated
_2rdamedia
_bn
338 _avolume
_bnc
_2rdacarrier
504 _aIncludes bibliographical references and index.
650 7 _aSeismology.
_2BUEsh
_911555
655 _vReading book
942 _2ddc
_cBB
999 _c13431
_d13431